| 000 | 00377 a2200133 4500 | ||
|---|---|---|---|
| 000 | nam a22 7a 4500 | ||
| 100 | _aMukherjee, Radhakamal | ||
| 110 | _aMukherjee, Radhakamal | ||
| 245 | _aहिंदू सभ्यता: Hindu Civilization | ||
| 250 | _aLatest edition | ||
| 260 |
_bShivalik Prakashan _c2026 |
||
| 264 |
_bShivalik Prakashan _c2026 |
||
| 942 | _cBK | ||
| 999 |
_c394331 _d394331 |
||